Evidenčný systém obytného domu : Diplomová práca

Guardado en:
Detalles Bibliográficos
Autor principal: Rakús, Marek (Autor)
Otros Autores: Husárová, Bohuslava (xxx)
Formato: Manuscrito Libro
Lenguaje:eslovaco
Publicado: Trnava : STU v Bratislave MtF KAIA, 2004
Materias:
Etiquetas: Agregar Etiqueta
Sin Etiquetas, Sea el primero en etiquetar este registro!

MARC

LEADER 00000ntm a22000003a 4500
001 stu89252
005 20160719154647.4
008 040727s2004----xo------------------slo-d
040 |a STU  |b slo 
041 0 |a slo 
044 |a xo 
100 1 |a Rakús, Marek  |4 aut 
245 1 |a Evidenčný systém obytného domu :  |b Diplomová práca 
260 |a Trnava :  |b STU v Bratislave MtF KAIA,  |c 2004 
300 |a 62 s  |c príl (CD) 
650 7 |a aplikovaná informatika a automatizácia v priemysle  |2 stusub 
700 1 |a Husárová, Bohuslava  |4 xxx  |u M180  |U MTF Materiálovotechnologická fakulta  |T MTF Katedra aplikovanej informatiky a automatizácie  |U M180  |Y 166 
996 |b 284M059932  |c M*DP-5194  |l MMSKP  |s P  |a 0  |w stu89252_0001